00676nam a2200193 i 4500001000700000003000900007005001700016007000300033008004100036100002500077245005200102260005200154300003200206650003300238710003800271852003200309999001900341952012200360120421ES-MaACL20230906191540.0t|070214s1964 sp r ||||1| eng d1 aPohren, D. E.99274910aLives and legends of flamenco / cD. E. Pohren. aSevilla : bSociety of Spanish Studies, c1964. a357 p., 20 lám ; c22 cm. 4aFlamenco-vHistoria.91703922 aSociety of Spanish Studies.96873 aES-MaACLjC-26392 bR.55077 c120421d120421 00104070aATENEOMbATENEOMcDEPO2d2008-01-17eSCl0oC-26392p1125518r2023-02-23 00:00:00w2023-02-23yMONOGRAFIA